000 00368nam a2200181Ia 4500
003 0STCL
008 150530s9999 xx 000 0 und d
040 _aSTCL
_cSTCL
100 _aVaikom Baby
245 _aSila
250 _a1
260 _bAuthor
_c1978
300 _a0
546 _aMalayalam
942 _2ddc
_cBK
999 _c49026
_d49026
005 20220125170755.0